Die 10 größten Weinproduzentenländer - Sudden Death - Statistiken

Allgemein
  • Dieses Quiz wurde 108 mal gespielt
  • Das Durchschnittsergebnis liegt bei 5 aus 10
Answers on the Grid
Answers color-coded by a green-red scale on the quiz's grid according to % correct below.
Griechenland
Österreich
Luxemburg
Italien
Frankreich
Andorra
Niederlande
Schweiz
Ungarn
Spanien
China
Vereinigte Staaten
Australien
Argentinien
Rumänien
Bulgarien
Südafrika
Chile
Indien
Kolumbien
Costa Rica
Portugal
Thailand
Neuseeland
Japan
 
Antwortstatistiken
Antwort % Korrekt
Italien
86%
Frankreich
82%
Spanien
79%
Vereinigte Staaten
55%
Portugal
45%
Südafrika
43%
Australien
41%
Argentinien
36%
Chile
30%
China
25%
Keine übereinstimmenden Quizze gefunden
Verteilung der Resultate
Anzahl Personen mit jedem Resultat
Perzentil nach korrekt beantworteten Fragen
Ihre Resultats-Entwicklung
Sie haben dieses Quiz noch nicht gespielt